Auto sacramental de la muerte de Frislan /

Bibliographic Details
Main Author: Cubillo de Aragón, Alvaro, -1661
Other Authors: Schmidt, Marie France
Format: Book
Language:Spanish
French
Published: Kassel : Reichenberger, 1984.
Series:Teatro del Siglo de Oro. Ediciones críticas ; 4.
Subjects:

MARC

Tag First Indicator Second Indicator Subfields
LEADER 00000cam a2200000 a 4500
001 in00000027851
005 20151007054635.0
008 840328s1984 gw b 00010 spa d
020 |a 392359304X 
035 |a (OCoLC)10570071 
035 |9 AAB5793AM 
040 |a IBV  |c IBV  |d PIT  |d m/c  |d TXA  |d UtOrBLW 
041 0 |a spa  |a fre 
049 |a TXAM  |c [A12590759] 
050 4 |a PQ6388.C8  |b A87 1984 
100 1 |a Cubillo de Aragón, Alvaro,  |d -1661. 
240 1 0 |a Auto del Santíssimo Sacramento de la muerte de Frislán 
245 1 0 |a Auto sacramental de la muerte de Frislan /  |c Alvaro Cubillo de Aragón ; introduction, texte et notes [par] Marie France Schmidt. 
264 1 |a Kassel :  |b Reichenberger,  |c 1984. 
300 |a x, 210 pages ;  |c 25 cm. 
336 |a text  |b txt  |2 rdacontent 
337 |a unmediated  |b n  |2 rdamedia 
338 |a volume  |b nc  |2 rdacarrier 
490 1 |a Teatro del Siglo de Oro. Ediciones críticas ;  |v 4 
500 |a Spine title: La muerte de Frislán. 
500 |a Text in Spanish; introduction and commentary in French. 
504 |a Bibliography: pages [205]-210. 
600 1 0 |a Cubillo de Aragón, Alvaro,  |d -1661.  |t Auto del Santíssimo Sacramento de la muerte de Frislán. 
700 1 |a Schmidt, Marie France. 
740 3 |a La muerte de Frislán. 
830 0 |a Teatro del Siglo de Oro.  |p Ediciones críticas ;  |v 4. 
999 |a MARS 
999 f f |s 6bc8d620-9eef-393b-84fc-5f17910ca0a7  |i 7b6679e2-12b1-3bb2-92d7-c270e3b848bc  |t 0 
952 f f |p ric  |a Texas A&M University  |b Rellis Campus  |c Joint Library Facility  |d Remote Storage  |t 0  |e PQ6388.C8 A87 1984  |h Library of Congress classification  |i unmediated -- volume  |m A14812590759 
998 f f |a PQ6388.C8 A87 1984  |t 0  |l Remote Storage